Normal view
MARC view
Entry Topical Term
001 - CONTROL NUMBER
- control field: 15312
003 - CONTROL NUMBER IDENTIFIER
- control field: ARRUPE
005 - DATE AND TIME OF LATEST TRANSACTION
- control field: 20150218131903.0
008 - FIXED-LENGTH DATA ELEMENTS
- fixed length control field: 150218|| aca||aabn | a|a d
040 ## - CATALOGING SOURCE
- Original cataloging agency: ARRUPE
- Transcribing agency: ARRUPE
150 ## - HEADING--TOPICAL TERM
- Topical term or geographic name as entry element: Education
- Geographic subdivision: Zimbabwe
- General subdivision: History.
670 ## - SOURCE DATA FOUND
- Source citation: Work cat.: (ARRUPE)0: Küster, Sybille. 15310, Neither cultural imperialism nor precious gift of civilization :, [1994?]